مكتبة جامعة عجلون الوطنية

فهرس بحث المكتبة

الإدارة الإستراتيجية ودورها في إدارة المخاطر الأمنية (Record no. 34190)

MARC details
000 -LEADER
fixed length control field 00783nam a22001817a 4500
003 - CONTROL NUMBER IDENTIFIER
control field JO-AjAnu
005 - DATE AND TIME OF LATEST TRANSACTION
control field 20260420105245.0
008 - FIXED-LENGTH DATA ELEMENTS--GENERAL INFORMATION
fixed length control field 260420b jo ||||| |||| 00| 0 ara d
040 ## - CATALOGING SOURCE
Original cataloging agency ANU
Transcribing agency JO-AjAnu
041 ## - LANGUAGE CODE
Language code of original ARA
100 ## - MAIN ENTRY--PERSONAL NAME
Personal name المسعدي، مكرم عمر
Relator term معد
9 (RLIN) 66968
245 ## - TITLE STATEMENT
Title الإدارة الإستراتيجية ودورها في إدارة المخاطر الأمنية
Statement of responsibility, etc. / مكرم عمر المسعدي و احمد إبراهيم احمد الزعارير
260 ## - PUBLICATION, DISTRIBUTION, ETC.
Place of publication, distribution, etc. إربد:
Name of publisher, distributor, etc. عالم الكتب الحديث للنشر والتوزيع؛
Date of publication, distribution, etc. 2024
300 ## - PHYSICAL DESCRIPTION
Extent 415 صفحة
650 ## - SUBJECT ADDED ENTRY--TOPICAL TERM
Form subdivision الادارة الاستراتيجية
700 ## - ADDED ENTRY--PERSONAL NAME
Personal name الزعارير، احمد إبراهيم احمد
Relator term مؤلف مشارك
9 (RLIN) 66969
942 ## - ADDED ENTRY ELEMENTS (KOHA)
Source of classification or shelving scheme Library of Congress Classification
Koha item type Books
Suppress in OPAC No
Holdings
Withdrawn status Lost status Source of classification or shelving scheme Damaged status Not for loan Home library Current library Date acquired Total Checkouts Full call number Barcode Date last seen Price effective from Koha item type
    Library of Congress Classification     مكتبة جامعة عجلون الوطنية مكتبة جامعة عجلون الوطنية 20/04/2026   HD30.28.2024 A30612 20/04/2026 20/04/2026 Books